Normal view MARC view
  • Bartra, Armando,

Entry Nombre Personal

Number of records used in: 14

001 - NUMERO DE CONTROL

  • campo de control: 37076

003 - IDENTIFICADOR DE NUMERO DE CONTROL

  • campo de control: DLC

005 - FECHA Y HORA DE LA ÜLTIMA TRANSACCIÓN

  • campo de control: 20230302102121.0

008 - DATOS DE LONGITUD FIJA

  • campo de control de longitud fija: 230302n| azannaabn |a aaa

010 ## - NÚMERO DE CONTROL DE LA BIBLIOTECA DEL CONGRESO

  • Número de control LC: n 84074071

035 ## - NUMERO DE CONTROL

  • Número de control: (OCoLC)oca01136743

040 ## - FUENTE DE CATALOGACIÓN

  • Agencia original de catalogación: DLC
  • Lenguaje de catalogación: spa
  • Description conventions: rda
  • Agencia de transcripción: DLC
  • Agencia que lo modifica: DLC
  • Agencia que lo modifica: OCoLC
  • Agencia que lo modifica: UPB
  • Agencia que lo modifica: DLC
  • Agencia que lo modifica: MX-MxUPN

046 ## - FECHAS CON CODIFICACIÓN ESPECIAL

  • Fecha de nacimiento: 1941

100 1# - ENCABEZAMIENTO - NOMBRE PERSONAL

  • Nombre personal: Bartra, Armando,
  • Fechas asociadas con el nombre: 1941-

370 ## - LUGAR ASOCIADO

  • Place of birth: Barcelona
  • Associated country: México

372 ## - CAMPO DE ACTIVIDAD

  • Field of activity: Campesinos -- México
  • Field of activity: Campesinos -- América Latina

373 ## - GRUPO ASOCIADO

  • Associated group: Universidad Nacional Autónoma de México
  • Associated group: Escuela Nacional de Antropología e Historia (México)
  • Associated group: Universidad Autónoma Metropolitana

374 ## - OCUPACIÓN

  • Occupation: Filósofo
  • Occupation: Sociólogo
  • Occupation: Profesor universitario
  • Occupation: Investigador

377 ## - LENGUA ASOCIADA

  • Language code: spa

378 ## - FORMA COMPLETA DE NOMBRE PERSONAL

  • Fuller form of personal name: Bartra Verges

400 1# - VEÁSE - NOMBRE DE PERSONA

  • Personal name: Bartra, Armando
  • Fuller form of name: (Bartra Verges),
  • Dates associated with a name: 1941-

400 1# - VEÁSE - NOMBRE DE PERSONA

  • Personal name: Bartra V., Armando
  • Fuller form of name: (Bartra Verges),
  • Dates associated with a name: 1941-

400 1# - VEÁSE - NOMBRE DE PERSONA

  • Personal name: Bartra Verges, Armando,
  • Dates associated with a name: 1941-

400 1# - VEÁSE - NOMBRE DE PERSONA

  • Personal name: Verges, Armando Bartra,
  • Dates associated with a name: 1941-

670 ## - FUENTE EN LA QUE SE LOCALIZARON DATOS

  • Cita de la fuente: En su obra: El comportamiento económico de la producción campesina, 1982:
  • Información localizada: portada (Armando Bartra)

670 ## - FUENTE EN LA QUE SE LOCALIZARON DATOS

  • Cita de la fuente: El Henequen en Yucatán, 1990:
  • Información localizada: portada (Armando Bartra Verges)

670 ## - FUENTE EN LA QUE SE LOCALIZARON DATOS

  • Cita de la fuente: En su obra: El México bárbaro, 1996:
  • Información localizada: portada (Armando Bartra) solapa (n. Barcelona, 1941; has lived in Mexico City since 1948)

670 ## - FUENTE EN LA QUE SE LOCALIZARON DATOS

  • Cita de la fuente: Desigualdad y democracia, 1992:
  • Información localizada: portada (Armando Bartra V.)

670 ## - FUENTE EN LA QUE SE LOCALIZARON DATOS

  • Cita de la fuente: En su obra: Los nuevos herederos de Zapata, 2019:
  • Información localizada: portada (Armando Bartra) solapa delantera (Armando Bartra (Barcelona, 1941) es un filósofo, sociólogo y catedrático considerado fundamental para el estudio de la cuestión campesina en México y América Latina. Doctor honoris causa por la Universidad de Córdoba, fue profesor de la Universidad Nacional Autónoma de México y de la Escuela Nacional de Antropología e Historia; actualmente es profesor-investigador de la Universidad Autónoma Metropolitana)

902 ## - CATALOGADOR

  • Catalogador: NDAF/020323